पं.मोटेराम शास्त्री की कहानियाँ/ (Record no. 9007)
[ view plain ]
| 000 -LEADER | |
|---|---|
| fixed length control field | 01334 a2200253 4500 |
| 005 - DATE AND TIME OF LATEST TRANSACTION | |
| control field | 20080917163434.0 |
| 008 - FIXED-LENGTH DATA ELEMENTS--GENERAL INFORMATION | |
| fixed length control field | 080917t xxu||||| |||| 00| 0 hin d |
| 010 ## - LCCN (DPL NO) | |
| LC control number | HIN-81797 |
| 020 ## - INTERNATIONAL STANDARD BOOK NUMBER | |
| International Standard Book Number | 8185726841 |
| Terms of availability | 50.00 |
| 035 ## - SYSTEM CONTROL NUMBER | |
| System control number | HN-54143 |
| 037 ## - SOURCE OF ACQUISITION | |
| Source of stock number/acquisition | पु.प्र.अ.प्र/प्रका |
| 082 ## - DEWEY DECIMAL CLASSIFICATION NUMBER | |
| Classification number | क |
| 100 ## - MAIN ENTRY--PERSONAL NAME | |
| Personal name | प्रेमचंद |
| 245 ## - TITLE STATEMENT | |
| Title | पं.मोटेराम शास्त्री की कहानियाँ/ |
| Statement of responsibility, etc | प्रेमचंद;हरिपाल त्यागी द्वारा चित्रांकित |
| 246 ## - VARYING FORM OF TITLE | |
| Title proper/short title | Pt.Moteram Shastri ki Kahaniyan |
| Remainder of title | by Premchand ;edited by Haripal Tyagi |
| 260 ## - PUBLICATION, DISTRIBUTION, ETC. (IMPRINT) | |
| Place of publication, distribution, etc | दिल्ली |
| Name of publisher, distributor, etc | यात्री प्रकाशन |
| Date of publication, distribution, etc | 2006 |
| 270 ## - ADDRESS | |
| Address | बी-131, गली नं.2, सादतपुर |
| City | दिल्ली |
| Postal code | 110094 |
| Telephone number | 22569962 |
| 300 ## - PHYSICAL DESCRIPTION | |
| Extent | 72पृ |
| Dimensions | 22 सेमी (अजिल्द) |
| Other physical details | सचित्र |
| 650 ## - SUBJECT ADDED ENTRY--TOPICAL TERM | |
| Topical term or geographic name as entry element | हिन्दी कहानियाँ |
| 650 ## - SUBJECT ADDED ENTRY--TOPICAL TERM | |
| Topical term or geographic name as entry element | Hindi Stories |
| 700 ## - ADDED ENTRY--PERSONAL NAME | |
| Personal name | त्यागी, हरिपाल |
| 942 ## - ADDED ENTRY ELEMENTS (KOHA) | |
| Institution code [OBSOLETE] | dpl |
| Item type | Hindi Books |
| Call number prefix | क / प्रेमचं |
| Classification part | क |
| Call number suffix | प्रेमचं |
| Withdrawn status | Lost status | Source of classification or shelving scheme | Damaged status | Not for loan | Home library | Current library | Date acquired | Cost, normal purchase price | Total Checkouts | Full call number | Barcode | Date last seen | Copy number | Cost, replacement price | Koha item type |
|---|---|---|---|---|---|---|---|---|---|---|---|---|---|---|---|
| Dewey Decimal Classification | D.B.Act.Division | D.B.Act.Division | 17/09/2008 | 50.00 | क प्रेमचं | HN-54143 | 15/09/2008 | 1 | 50.00 | Hindi Books |
